Začína sa ôsmy ročník Detského činu roka

Bibliographic Details
Format: Article
Language:Slovak
Subjects:
Online Access:www.dcr.sk

MARC

LEADER 00000nab a2200000 ar4500
001 vtls008981816
003 SK-MaSNL
005 20260303065153.0
008 070418c2007 xo wr|p|||||||000 b|slo
038 |a PPPK 
040 |a PPPKCL  |b slo  |c PPPK  |e AACR2 
041 0 |a slo 
044 |a xo  |c SK 
080 |a 17.02-053.5  |2 1997 
080 |a 177.75  |2 1997 
245 0 0 |a Začína sa ôsmy ročník Detského činu roka  |c [autor] (pml) 
610 2 7 |a Detský čin roka (projekt)  |2 pppkcl  |9 877296 
648 7 |a 2007  |2 pppkcl  |9 313226 
650 0 7 |a deti  |2 pppkcl  |9 773 
650 0 7 |a morálne hodnoty  |2 pppkcl  |9 67897 
650 0 7 |a literárne príspevky  |2 pppkcl  |9 1064853 
650 0 7 |a súťaže  |2 pppkcl  |9 3301 
773 0 |t Poprad : noviny občanov mesta  |g Roč. XVIII, č. 29 (2007), s. 2 
852 |a PPPK  |b KIS3GCP 
856 4 1 |u www.dcr.sk 
999 |c 1750124  |d 1752054